000 00572nam a2200193Ia 4500
003 GCL
008 140319s9999 xx 000 0 ara d
040 _aGCL /
_cGCL
082 0 4 _a157.92
_bرا
100 1 _aرمضان محمد القذافى
245 1 0 _aالصحة النفسية والتوافق /
_cرمضان محمد القذافى
260 _a[S.N] :
_bدار الرواد ،
_c1992
300 _a195 ص
490 _a
650 0 4 _aالصحة النفسية
650 0 4 _aالصحة العقلية
650 0 4 _aالطب العقلى
942 _2ddc
_cBK
999 _c45483
_d45483